Χοσέ Λουίς Κουέβας : αδιαλλαξία

Αποθηκεύτηκε σε:
Λεπτομέρειες βιβλιογραφικής εγγραφής
Συγγραφή απο Οργανισμό/Αρχή: Εθνική Πινακοθήκη - Μουσείο Αλεξάνδρου Σούτζου
Μορφή: Βιβλίο
Γλώσσα:Greek
Δημοσίευση: Αθήνα : Εθνική Πινακοθήκη, 1986
Θέματα:
Ετικέτες: Προσθήκη ετικέτας
Δεν υπάρχουν, Καταχωρήστε ετικέτα πρώτοι!

MARC

LEADER 00000nam a2200000 i 4500
001 1/84128
008 950622s1986 gre d
035 |a 1989  |b 1986  |c Δωρεά  |l 10034367 
040 |a GR-MY-UA  |b gre  |e aacr 
041 0 |a gre 
082 0 |a 759.972 
110 2 |a Εθνική Πινακοθήκη - Μουσείο Αλεξάνδρου Σούτζου. 
245 1 0 |a Χοσέ Λουίς Κουέβας :  |b αδιαλλαξία /  |c Εθνική Πινακοθήκη, Μουσείο Αλέξανδρου Σούτζου 
260 |a Αθήνα :   |b Εθνική Πινακοθήκη,   |c 1986 
300 |a 14 σ. 
500 |a Ανω του τίτλου: Υπουργείο Πολιτισμού 
600 0 0 |a Cuevas Jose Luis  |d 1934- 
650 0 0 |a Painting  |z Mexico. 
650 0 0 |a Painters  |z Mexico. 
852 |a INST  |b LESVOS  |e 19950622  |h 759.972 ΧΟΣ  |p 005100008632  |q 005100008632  |t BK  |y 0 
852 |a INST  |b RHODES  |e 19970318  |h 759.972 ΧΟΣ  |p 005400010338  |q 005400010338  |t BK  |y 0 
909 |a Ρ  |b 014995  |c 1989 
909 |a Λ  |b 022926 
922 |a 1ΔΩΡ  |b 199203